New therapeutic communities (notice n° 2055008)

détails MARC
000 -LEADER
fixed length control field 01320cam a2200169 4500500
005 - DATE AND TIME OF LATEST TRANSACTION
control field 20260405002153.0
041 ## - LANGUAGE CODE
Language code of text/sound track or separate title fre
042 ## - AUTHENTICATION CODE
Authentication code dc
100 10 - MAIN ENTRY--PERSONAL NAME
Personal name Couteron, Jean-Pierre
Relator term author
245 00 - TITLE STATEMENT
Title New therapeutic communities
260 ## - PUBLICATION, DISTRIBUTION, ETC.
Date of publication, distribution, etc. 2026.<br/>
500 ## - GENERAL NOTE
General note 87
520 ## - SUMMARY, ETC.
Summary, etc. This article highlights the evolutions within the TC model since their comeback as part of the five year plan initiated by Didier Jayle. (2005 – 2011) This revival made it possible to rethink the TC model by integrating advances in addiction treatment, particularly in harm reduction by breaking away from the authoritarian and sectarian approach of the past (e.g. Le Patriarche). This new wave of CTs place the group at the heart of the therapeutic process, designed as a space for experimenting different relationships, benevolent confrontation and self-help. These programs value experiential knowledge, peer support, counseling and a recovery approach. Power and decision making are shared between professionals and residents, in a collaborative approach that promotes self-determination and empowerment.
700 10 - ADDED ENTRY--PERSONAL NAME
Personal name Longbottom, Susie
Relator term author
786 0# - DATA SOURCE ENTRY
Note Psychotropes | 32 | 1-2 | 2026-03-16 | p. 159-173 | 1245-2092
856 41 - ELECTRONIC LOCATION AND ACCESS
Uniform Resource Identifier <a href="https://shs.cairn.info/journal-psychotropes-2026-1-2-page-159?lang=en&redirect-ssocas=7080">https://shs.cairn.info/journal-psychotropes-2026-1-2-page-159?lang=en&redirect-ssocas=7080</a>

Pas d'exemplaire disponible.

PLUDOC

PLUDOC est la plateforme unique et centralisée de gestion des bibliothèques physiques et numériques de Guinée administré par le CEDUST. Elle est la plus grande base de données de ressources documentaires pour les Étudiants, Enseignants chercheurs et Chercheurs de Guinée.

Adresse

627 919 101/664 919 101

25 boulevard du commerce
Kaloum, Conakry, Guinée

Réseaux sociaux

Powered by Netsen Group @ 2025